LEADER 00991nam0-22003251i-450- 001 990005313280403321 005 20070629113459.0 035 $a000531328 035 $aFED01000531328 035 $a(Aleph)000531328FED01 035 $a000531328 100 $a19990604d1969----km-y0itay50------ba 101 0 $ager 105 $ay-------001yy 200 1 $aRömisches Staats Recht$fvon Theodor Mommsen 205 $aZweiter Unveränderter Nachd. der dritten Aufl. 210 $aGraz$cAkademische Druck- u. Verlagsanstalt$d1969 215 $a3 v. in 5$d23 cm 225 1 $aHandbuch der Römischen Altertümer 300 $aPhotonech Nachd. 610 0 $aDiritto romano pubblico 676 $a349.237$v21$zita 700 1$aMommsen,$bTheodor$f<1817-1903>$0171837 801 0$aIT$bUNINA$gRICA$2UNIMARC 901 $aBK 912 $a990005313280403321 952 $a349.23 MOM 1 (1-3)$bANT.GR.1378-82$fFLFBC 959 $aFLFBC 996 $aRömisches Staats Recht$9598238 997 $aUNINA LEADER 02013nam 2200505z- 450 001 9910576868603321 005 20220621 010 $a1000140139 035 $a(CKB)5860000000051232 035 $a(oapen)https://directory.doabooks.org/handle/20.500.12854/84399 035 $a(oapen)doab84399 035 $a(EXLCZ)995860000000051232 100 $a20202206d2022 |y 0 101 0 $aeng 135 $aurmn|---annan 181 $ctxt$2rdacontent 182 $cc$2rdamedia 183 $acr$2rdacarrier 200 00$aAnnual Report 2020 of the Institute for Thermal Energy Technology and Safety 210 $aKarlsruhe$cKIT Scientific Publishing$d2022 215 $a1 online resource (92 p.) 225 1 $aKIT Scientific Reports 311 08$a3-7315-1153-3 330 $aThe annual report of the Institute for Thermal Energy Technology and Safety of KIT summarizes its research activities and provides some highlights of each working group, like thermal-hydraulic analyses for fusion reactors, accident analyses for light water reactors, and research on innovative energy technologies: liquid metal technologies for energy conversion, hydrogen technologies and geothermal power plants. The institute has been engaged in education and training in energy technologies. 606 $aPhysics$2bicssc 606 $aPhysics$2bicssc 610 $aannual report 610 $aFlu?ssigmetall-Technologien 610 $aFusion 610 $ageothermal energies 610 $ageothermische Energie 610 $ahydrogen technologies 610 $aJahresbericht 610 $aKernenergie 610 $aliquid metal technologies 610 $aNuclear energy 610 $aWasserstofftechnologien 615 7$aPhysics 615 7$aPhysics 700 $aTromm$b Walter$4edt$01304130 702 $aTromm$b Walter$4oth 906 $aBOOK 912 $a9910576868603321 996 $aAnnual Report 2020 of the Institute for Thermal Energy Technology and Safety$93036472 997 $aUNINA